ՀՀ Գիտությունների ազգային ակադեմիայի հիմնարար գիտական գրադարան  =   Fundamental Scientific Library of NAS RA

Геворг Марзпетуни : (Record no. 422798)

MARC details
000 -LEADER
fixed length control field 00901nam a2200217 u 4500
003 - CONTROL NUMBER IDENTIFIER
control field AM-YeHGA
005 - DATE AND TIME OF LATEST TRANSACTION
control field 20250618075024.0
008 - FIXED-LENGTH DATA ELEMENTS--GENERAL INFORMATION
fixed length control field 030329s1958 ||||| |||||||||||||rus|c
040 ## - CATALOGING SOURCE
Original cataloging agency AM-YeHGA
041 1# - LANGUAGE CODE
Language code of text/sound track or separate title rus
Language code of original arm
090 ## - LOCALLY ASSIGNED LC-TYPE CALL NUMBER (OCLC); LOCAL CALL NUMBER (RLIN)
-- 425229
100 1# - MAIN ENTRY--PERSONAL NAME
Personal name Մուրացան,
Dates associated with a name 1854-1908
9 (RLIN) 1699
245 10 - TITLE STATEMENT
Title Геворг Марзпетуни :
Remainder of title Исторический роман : Пер. с арм. /
Statement of responsibility, etc. Мурацан ; Пер. А. Иоаннисиан ; Предисл. И.Кусикьяна.
260 ## - PUBLICATION, DISTRIBUTION, ETC.
Place of publication, distribution, etc. Ереван :
Name of publisher, distributor, etc. Айпетрат,
Date of publication, distribution, etc. 1958.
300 ## - PHYSICAL DESCRIPTION
Extent 368 с. ;
Dimensions 20 см.
650 14 - SUBJECT ADDED ENTRY--TOPICAL TERM
Topical term or geographic name entry element Армения, 7-10 вв. (х.л.)
650 14 - SUBJECT ADDED ENTRY--TOPICAL TERM
Topical term or geographic name entry element Художественная литература
9 (RLIN) 4918
700 1# - ADDED ENTRY--PERSONAL NAME
Personal name Հովհաննիսյան, Աննա Հովհաննեսի,
Dates associated with a name 1903-1977
Relator term пер.
Relationship trl
9 (RLIN) 2627
700 1# - ADDED ENTRY--PERSONAL NAME
Personal name Кусикьян, И.
Relator term авт. предисл.
Relationship aui
942 ## - ADDED ENTRY ELEMENTS (KOHA)
Source of classification or shelving scheme Universal Decimal Classification
Koha item type Գրքեր / Books
Holdings
Withdrawn status Lost status Source of classification or shelving scheme Damaged status Not for loan Collection Home library Current library Date acquired Total checkouts Full call number Barcode Date last seen Price effective from Koha item type Public note
    Universal Decimal Classification     General Fundamental Scientific Library Fundamental Scientific Library 13/06/2019   PII/4933 FL0587129 13/06/2019 13/06/2019 Գրքեր / Books 30 Days Loan


ՀՀ ԳԱԱ հիմնարար գիտական գրադարան
ՀՀ,Երևան 0019
Մարշալ Բաղրամյան 24/6
հեռախոս:(374-10) 52-47-50
Հետադարձ կապ

All site content, except where otherwise noted, is licensed under a
Creative Commons License